東京35区(サドンデス) - Statistics

General Stats
  • This quiz has been taken 461 times
  • The average score is 7 of 35
Answers on the Grid
Answers color-coded by a green-red scale on the quiz's grid according to % correct below.
金沢区
金区
赤羽区
葛西区
落合区
羽田区
練馬区
綾瀬区
篠崎区
碑衾区
砧区
砂区
石神井区
池上区
江東区
日暮里区
新宿区
文京区
戸塚区
巣鴨区
岩淵区
小松川区
小岩区
大島区
大井区
墨田区
吾嬬区
台東区
千歳区
千住区
千代田区
保土ヶ谷区
代々幡区
井萩区
亀戸区
中央区
三河島区
麻布区
麹町区
足立区
赤坂区
豊島区
蒲田区
葛飾区
荒川区
荏原区
芝区
神田区
目黒区
王子区
牛込区
瀧野川区
渋谷区
深川区
淀橋区
浅草区
江戸川区
板橋区
杉並区
本郷区
本所区
日本橋区
小石川区
大森区
城東区
四谷区
品川区
向島区
京橋区
中野区
世田谷区
下谷区
 
Answer Stats
Answer % Correct
麹町区
26%
渋谷区
25%
牛込区
23%
小石川区
23%
品川区
23%
中野区
23%
世田谷区
23%
豊島区
22%
蒲田区
22%
本所区
22%
足立区
21%
赤坂区
21%
芝区
21%
麻布区
20%
葛飾区
20%
神田区
20%
目黒区
20%
杉並区
20%
日本橋区
20%
深川区
19%
四谷区
19%
荒川区
18%
淀橋区
17%
板橋区
17%
大森区
17%
京橋区
17%
荏原区
16%
瀧野川区
16%
浅草区
16%
本郷区
16%
城東区
16%
向島区
16%
下谷区
16%
王子区
15%
江戸川区
13%
No matching quizzes found
Score Distribution
Percent of People with Each Score
Percentile by Number Answered
Your Score History
You have not taken this quiz